U.S. States located below Canada and above Mexico - Statistics

General Stats
  • This quiz has been taken 21 times
  • The average score is 10 of 13
Answer Stats
State % Correct
Virginia
89%
Colorado
83%
Kentucky
83%
Missouri
78%
North Carolina
78%
Oklahoma
78%
Tennessee
78%
West Virginia
78%
Kansas
72%
Arkansas
67%
Delaware
61%
Maryland
61%
New Jersey
56%
No matching quizzes found
Score Distribution
Percent of People with Each Score
Percentile by Number Answered
Your Score History
You have not taken this quiz